Statistiken für Erkenne den Musik-Künstler

Klicken Sie hier um das Quiz zu spielen!

Allgemein

  • Dieses Quiz wurde 1.224 mal gespielt
  • Das Durchschnittsergebnis liegt bei 10 aus 15

Antwortstatistiken

Antwort% Korrekt
Capital Bra
89%
Pietro Lombardi
87%
Bushido
84%
Sido
84%
Farid Bang
79%
Xavier Naidoo
77%
LEA
76%
GZUZ
71%
Mero
66%
Kollegah
63%
Loredana
63%
Xatar
58%
Eko Fresh
54%
RAF Camora
51%
SSIO
47%

Verteilung der Resultate

Perzentil nach korrekt beantworteten Fragen

Anzahl Personen mit jedem Resultat

Ihre Resultats-Entwicklung

Sie haben dieses Quiz noch nicht gespielt